000 00765nam a2200265Ia 4500
003 OSt
005 20220928102223.0
006 a|||||r|||| 00| 0
007 ta
008 220927b |||||||| |||| 00| 0 eng d
020 _cINR 399.00
024 _a137779
037 _b106, 15/03/2018, Eastern Media
_cTextual
040 _aSDCL
_cSDCL
_beng
041 _2eng
_aeng
082 _aO-,3DAH, N5 LR
100 _aDahl Roald
_9392656
245 0 _aJames and the giant peach
260 _aIndia
_bPuffin Books
_c2016
300 _a148p.
_ccm.
650 _aReference
700 _a Blake Quentin
_9397207
942 _hO-,3DAH, N5 LR
_cTEXL
_2CC
999 _c712996
_d712996